Holiday Quiz

Random Holiday or Halloween Quiz

Halloween Trivia Field Quiz Stats

 Plays Quiz Updated Jan 18, 2018

Challenge
Share
Tweet
Embed
Score 0/30 Timer 06:00
1 Play Today
B Questions % Correct
1






What do vampires enjoy drinking?
100%
2






In which month is Halloween?
99%
6






Which country did Jack-o-Lanterns originate in?
99%
7






What is the next US federal holiday after Halloween (no, Halloween's not a federal holiday)?
98.3%
3






Which candy is tri-colored, and kernel shaped?
98%
8






Who wrote the Halloween poem 'The Witch's Spell' ?
91.7%
4






This fruit is commonly caught by dunking one's head in a tub around Halloween
90.4%
9






What type of bullet can kill werewolves?
89.6%
5






What is the marker that people are commonly buried under called?
89.3%
14






It takes hundreds of licks to get to the center of what candy?
88.4%
10






What is phasmophobia the fear of?
88.1%
20






While trick-or-treating, children have raised millions of dollars for this humanitarian organization
84.9%
18






What US state produces the most pumpkins?
84.2%
15






Which country celebrates Day of the Dead beginning at Midnight on Halloween?
82.9%
13






What was the most popular Halloween costume for children in 2010?
82.2%
B Questions % Correct
24






What spice does the candy Atomic Fireball carry?
81.9%
19






Halloween is the second most successful commercial holiday in the US following what?
81.2%
25






Which famous magician died on Halloween in 1926?
75%
29






What movie does the American Film Institute rank as its 'most thrilling' movie of all time?
74.4%
12






Who is the only person in the Peanuts gang who believes in The Great Pumpkin?
74.2%
23






Which recent hurricane did the US media dub as 'Frankenstorm?
72.5%
11






Transylvania, the historic home of Count Dracula, is a region in what country?
71.9%
17






What is the name of the antagonist in the movie Halloween?
69.6%
22






Who wrote the 1972 novel 'The Halloween Tree'?
67.8%
30






What color cat is considered haunted?
64.6%
16






What are the grotesque stones guarding the tops of buildings called?
63.2%
21






Which US President was known for his love of jelly beans?
60.2%
28






Which famous American writer wrote The Vampire Chronicles?
56.6%
26






What vegetable did the ancient Celts use for Jack-o-Lanterns?
50.7%
27






What director of Lord of The Rings: The Fellowship of the Ring was born on Halloween?
36.8%

You're not logged in!

Compare scores with friends on all Sporcle quizzes.
OR
Log In

You Might Also Like...

Show Comments

Extras

Top Quizzes Today


Score Distribution

Your Account Isn't Verified!

In order to create a playlist on Sporcle, you need to verify the email address you used during registration. Go to your Sporcle Settings to finish the process.

Report this User

Report this user for behavior that violates our Community Guidelines.

Details: